000 00570nam a22001577a 4500
003 OSt
005 20150912150657.0
008 150912b xxu||||| |||| 00| 0 eng d
040 _cRUA
082 _aAGR THO 1997 B018 Or.1
100 _9338
_aTHONR, AUN
245 _aRubber planting technology at chup rubber plantation company ការងារដាំដុះដំណាំកៅស៊ូនៅក្នុងក្រុមហ៊ុនចំការកៅស៊ូជុប
260 _aPhnom Penh
_bRUA
_c1997
300 _a76p.
_bill.
_c29cm.
942 _2ddc
_cAGR
999 _c316
_d316